| 000 | 00497nam a2200181Ia 4500 | ||
|---|---|---|---|
| 999 |
_c14349 _d14349 |
||
| 003 | OSt | ||
| 005 | 20201020123946.0 | ||
| 008 | 190216s9999||||xx |||||||||||||| ||und|| | ||
| 020 | _a0143028987 | ||
| 040 | _coclc | ||
| 082 |
_a823.914 _bHAR/O |
||
| 100 |
_a Harvy, Andrew _95985 |
||
| 245 | 0 |
_aOne Last Mirror / _cAndrew Harvey |
|
| 260 |
_bPenguin Books, _anew delhi: _c1985. |
||
| 300 | _a160p | ||
| 650 | _aEnglish | ||
| 942 |
_cBK _2ddc _h823.914 _iHAR/O _k823.914 _mHAR/O |
||